Godzilla Franchise Quiz - Statistics

General Stats
  • This quiz has been taken 259 times
  • The average score is 43 of 67
Answer Stats
Year Film % Correct
1954 Godzilla
100%
1978 Godzilla
100%
1998 Godzilla
100%
2014 Godzilla
100%
1998 Godzilla: The Series
100%
1955 Godzilla Raids Again
92%
2017 Kong: Skull Island
90%
2021 Godzilla vs Kong
82%
2019 Godzilla: King of the Monsters
80%
1961 Mothra
80%
1964 Ghidorah: The Three Headed Monster
79%
1974 Godzilla vs Mechagodzilla
79%
2024 Godzilla x Kong: the New Empire
79%
1992 Godzilla vs Mothra: The Battle for Earth
77%
1994 Godzilla vs Spacegodzilla
77%
1962 King Kong vs Godzilla
77%
2023 Godzilla Minus One
76%
2001 Godzilla, Mothra and King Ghidorah: Giant Monsters All-Out Attack
76%
1972 Godzilla vs Gigan
76%
1956 Rodan
75%
2016 Shin Godzilla
75%
1968 Destroy All Monsters
73%
1989 Godzilla vs Biollante
73%
1993 Godzilla vs Mechagodzilla II
73%
1973 Godzilla vs Megalon
73%
2023 Godzilla vs Megalon
73%
2023 Monarch: Legacy of Monsters
73%
1975 Terror of Mechagodzilla
73%
2004 Godzilla Final Wars
72%
1967 Son of Godzilla
72%
1984 The Return of Godzilla
72%
1966 Ebirah, Horror of the Deep
70%
1999 Godzilla 2000
70%
2003 Godzilla: Tokyo S.O.S.
70%
2000 Godzilla vs Megaguirus
69%
1971 Godzilla vs Hedorah
68%
1991 Godzilla vs King Ghidorah
68%
1965 Invasion of Astro-Monster
68%
2002 Godzilla Against Mechagodzilla
66%
1995 Godzilla vs Destoroyah
66%
1969 All Monsters Attack
65%
2021 Godzilla Singular Point
65%
1964 Mothra vs Godzilla
63%
2018 Godzilla: The Planet Eater
62%
2017 Godzilla: Planet of the Monsters
61%
2018 Godzilla: City on the Edge of Battle
56%
1996 Rebirth of Mothra
54%
1957 Varan
54%
1997 Rebirth of Mothra II
51%
1998 Rebirth of Mothra III
51%
2023 Skull Island
51%
1957 The Mysterians
48%
2019 Godziban
42%
1997 Godzilla Island
42%
1973 Zone Fighter
42%
1963 Atragon
41%
2023 Chibi Godzilla Raids Again
41%
1965 Frankenstein vs Baragon
41%
2022 Godzilla vs Gigan Rex
41%
1967 King Kong Escapes
41%
1970 Space Amoeba
41%
1992 Godzilland
38%
1962 Gorath
35%
1964 Dogora
32%
1966 War of the Gargantuans
32%
1994 Orochi the Eight-Headed Dragon
24%
1994 Monster Planet of Godzilla
18%
No matching quizzes found
Score Distribution
Percent of People with Each Score
Percentile by Number Answered
Your Score History
You have not taken this quiz